[Event "BRA-ch Amateur U1800"]
[Site "Sao Paulo"]
[Date "2017.10.13"]
[Round "3"]
[White "Campos, Otavio Moraes"]
[Black "Rial, Antonio Marcos Pino"]
[Result "0-1"]
[WhiteElo "1723"]
[BlackElo "1656"]
[PlyCount "93"]
[EventDate "2017.10.12"]
[EventType "swiss"]
[EventRounds "7"]
[EventCountry "BRA"]
[SourceTitle "EXT 2019"]
[Source "ChessBase"]
[SourceDate "2018.10.10"]
[SourceVersion "1"]
[SourceVersionDate "2018.10.10"]
[SourceQuality "1"]

1. c4 e5 2. Nc3 Nc6 3. d3 Bb4 4. Bd2 Nf6 5. g3 0-0 6. Bg2 Re8 7. a3 Bf8 8. e3 Ne7 9. Nge2 d5 10. cxd5 Nexd5 11. 0-0 c6 12. Rc1 Bg4 13. Re1 Qd7 14. Nxd5 cxd5 15. Qb3 e4 16. Nf4 g5 17. Ne2 Bf3 18. Nd4 g4 19. dxe4 dxe4 20. Bc3 Nd5 21. Nxf3 gxf3 22. Bf1 Nxc3 23. Rxc3 Bg7 24. Rc4 Qd2 25. Rc7 Rf8 26. Rd1 Qxb2 27. Qc4 Rae8 28. Rdd7 b5 29. Qd5 Re5 30. Qb7 Qb3 31. h4 a5 32. Qa7 a4 33. Rb7 h5 34. Rdc7 Qe6 35. Kh2 Qa2 36. Kg1 Qe6 37. Rb6 Qa2 38. Rbc6 Rd5 39. Rc2 Qa1 40. Rc1 Qxa3 41. Qb7 Qb3 42. Bh3 Rd1+ 43. Rxd1 Qxd1+ 44. Bf1 a3 45. Rd7 Qb3 46. Rxf7 Rxf7 47. Qa8+ 0-1

[Event "BRA-ch Amateur U1800"]
[Site "Sao Paulo"]
[Date "2017.10.13"]
[Round "4"]
[White "Rial, Antonio Marcos Pino"]
[Black "Itagyba, Renan Fortes"]
[Result "1-0"]
[WhiteElo "1656"]
[BlackElo "1715"]
[PlyCount "69"]
[EventDate "2017.10.12"]
[EventType "swiss"]
[EventRounds "7"]
[EventCountry "BRA"]
[SourceTitle "EXT 2019"]
[Source "ChessBase"]
[SourceDate "2018.10.10"]
[SourceVersion "1"]
[SourceVersionDate "2018.10.10"]
[SourceQuality "1"]

1. d4 Nf6 2. Nf3 g6 3. c4 Bg7 4. Bg5 0-0 5. Nc3 d6 6. e3 Nbd7 7. Be2 c5 8. 0-0 a6 9. Qc2 b6 10. Rfd1 Bb7 11. Rac1 Rc8 12. b3 cxd4 13. exd4 d5 14. Qb1 dxc4 15. bxc4 Qc7 16. h3 Rfe8 17. Be3 Red8 18. Na4 Ne4 19. Nb2 Nd6 20. a3 Nf5 21. Bg5 Nf6 22. d5 h6 23. Bd2 Qd7 24. Ne5 Qd6 25. Nbd3 Nd4 26. Bf1 Nxd5 27. Nxf7 Kxf7 28. cxd5 Bxd5 29. Bf4 Qf6 30. Ne5+ Kg8 31. Rxd4 Rxc1 32. Qxc1 Qf5 33. Nc6 Rd7 34. Rxd5 Qxd5 35. Bc4 1-0

[Event "Rio de Janeiro Cortinhas Memorial 1st"]
[Site "Rio de Janeiro"]
[Date "2017.04.23"]
[Round "5"]
[White "Rial, Antonio Marcos Pino"]
[Black "Soares, Joao Carlos TC"]
[Result "0-1"]
[WhiteElo "1654"]
[BlackElo "1830"]
[PlyCount "110"]
[EventDate "2017.04.21"]
[EventType "swiss"]
[EventRounds "6"]
[EventCountry "BRA"]
[SourceTitle "CBM 178 Extra"]
[Source "ChessBase"]
[SourceDate "2017.06.22"]
[SourceVersion "1"]
[SourceVersionDate "2017.06.22"]
[SourceQuality "1"]

1. d4 f5 2. Nc3 d5 3. Bg5 Nf6 4. h4 e6 5. h5 c6 6. Nf3 Bd6 7. h6 g6 8. e3 0-0 9. Bd3 Nbd7 10. Qe2 e5 11. dxe5 Nxe5 12. 0-0-0 b5 13. Nd4 b4 14. Nb1 Qb6 15. Bxf6 Rxf6 16. f4 Ng4 17. Nf3 Bd7 18. Nbd2 c5 19. g3 c4 20. Nxc4 dxc4 21. Bxc4+ Kh8 22. Rd3 Bb5 23. Bxb5 Qxb5 24. Ne5 Nxe5 25. fxe5 Qxe5 26. Qf3 Qe4 27. Qd1 Qe6 28. Kb1 a5 29. Qf3 Qe4 30. Qd1 Rd8 31. Rh4 Qe5 32. Rhd4 a4 33. Rxb4 a3 34. bxa3 Rff8 35. Rd5 Bxb4 36. Rxd8 Bxa3 37. Rxf8+ Bxf8 38. Qd8 Kg8 39. c4 Qe4+ 40. Kb2 Qxc4 41. Qe8 Qf7 42. Qc8 Qd5 43. Qe8 Qb7+ 44. Kc3 Qe7 45. Qxe7 Bxe7 46. e4 fxe4 47. Kd4 Bd6 48. g4 Bf4 49. a4 e3 50. Kd3 Bxh6 51. a5 Bf8 52. Kxe3 Bc5+ 53. Ke4 Kf7 54. g5 Ke6 55. a6 Ba7 0-1

[Event "Rio de Janeiro Cortinhas Memorial 1st"]
[Site "Rio de Janeiro"]
[Date "2017.04.21"]
[Round "2"]
[White "Rial, Antonio Marcos Pino"]
[Black "Da Silva, Claudio Oliveira"]
[Result "1-0"]
[WhiteElo "1654"]
[BlackElo "1834"]
[PlyCount "97"]
[EventDate "2017.04.21"]
[EventType "swiss"]
[EventRounds "6"]
[EventCountry "BRA"]
[SourceTitle "CBM 178 Extra"]
[Source "ChessBase"]
[SourceDate "2017.06.22"]
[SourceVersion "1"]
[SourceVersionDate "2017.06.22"]
[SourceQuality "1"]

1. d4 d5 2. Bf4 Nf6 3. e3 g6 4. Nf3 Bg7 5. Nbd2 0-0 6. c3 Nbd7 7. Be2 c5 8. h3 Re8 9. 0-0 b6 10. Ne5 Bb7 11. Ndf3 Ne4 12. Nxd7 Qxd7 13. Ne5 Qc8 14. Qa4 a6 15. Qd7 Nf6 16. Qxc8 Rexc8 17. a4 cxd4 18. exd4 a5 19. Rfe1 Ba6 20. Bb5 Bxb5 21. axb5 e6 22. Nc6 Bf8 23. Kf1 Ne4 24. f3 Nd6 25. Bxd6 Bxd6 26. Kf2 h5 27. g4 h4 28. Ke3 Kg7 29. Kd3 Bg3 30. Re2 Kf6 31. Kc2 Re8 32. Rd1 Bd6 33. b3 Kg5 34. Rd3 Rf8 35. c4 Kf4 36. Rg2 dxc4 37. bxc4 a4 38. Kb2 a3+ 39. Ka2 Ra4 40. Rc3 Rh8 41. g5 Kf5 42. Rg4 Rha8 43. c5 bxc5 44. dxc5 Rxg4 45. fxg4+ Kxg5 46. cxd6 f5 47. d7 fxg4 48. hxg4 Kxg4 49. d8Q 1-0

[Event "Rio de Janeiro CXG op 1st"]
[Site "Rio de Janeiro"]
[Date "2017.03.26"]
[Round "4"]
[White "Da Costa, Carlos Henrique Luz"]
[Black "Rial, Antonio Marcos Pino"]
[Result "1-0"]
[WhiteElo "1544"]
[BlackElo "1625"]
[PlyCount "65"]
[EventDate "2017.03.25"]
[EventType "swiss"]
[EventRounds "6"]
[EventCountry "BRA"]
[SourceTitle "CBM 177 Extra"]
[Source "ChessBase"]
[SourceDate "2017.04.27"]
[SourceVersion "1"]
[SourceVersionDate "2017.04.27"]
[SourceQuality "1"]

1. Nf3 g6 2. d4 Bg7 3. Bf4 d6 4. c3 Nd7 5. Qb3 e6 6. e4 Ne7 7. e5 Nb6 8. Nbd2 Nbd5 9. Bg3 Nf5 10. exd6 Nxg3 11. dxc7 Nxc3 12. hxg3 a6 13. Qb4 Nd5 14. Qa3 Qe7 15. Qxe7+ Kxe7 16. Nc4 f6 17. Bd3 b6 18. 0-0-0 b5 19. Na5 Kd6 20. Rde1 Bd7 21. Nb7+ Kxc7 22. Nc5 Kd6 23. Nd2 e5 24. Nde4+ Ke7 25. Nxd7 Kxd7 26. dxe5 fxe5 27. Ng5 Raf8 28. Be4 Nb6 29. Rd1+ Kc8 30. Ne6 Rf7 31. Rxh7 Bh6+ 32. Rxh6 Rxh6 33. Rd8# 1-0

[Event "Rio de Janeiro CXG op 1st"]
[Site "Rio de Janeiro"]
[Date "2017.03.26"]
[Round "3"]
[White "Rial, Antonio Marcos Pino"]
[Black "Santos Filho, Tadeu Souza"]
[Result "0-1"]
[WhiteElo "1625"]
[BlackElo "2066"]
[PlyCount "50"]
[EventDate "2017.03.25"]
[EventType "swiss"]
[EventRounds "6"]
[EventCountry "BRA"]
[SourceTitle "CBM 177 Extra"]
[Source "ChessBase"]
[SourceDate "2017.04.27"]
[SourceVersion "1"]
[SourceVersionDate "2017.04.27"]
[SourceQuality "1"]

1. d4 d6 2. c4 Nf6 3. Nc3 g6 4. e4 Bg7 5. f3 0-0 6. Be3 Nc6 7. Nge2 a6 8. Ng3 Rb8 9. Qd2 Re8 10. 0-0-0 b5 11. cxb5 axb5 12. Bxb5 Bd7 13. h4 h5 14. Be2 Nb4 15. f4 Ng4 16. f5 Nxe3 17. fxg6 fxg6 18. Qxe3 Kh7 19. Nxh5 gxh5 20. Bxh5 Bh6 21. Qxh6+ Kxh6 22. Be2 Rg8 23. Rdg1 Rg3 24. Bc4 Qh8 25. Ne2 Rg4 0-1